ENLIGHTENMENT NOW (Record no. 26470)

MARC details
000 -LEADER
fixed length control field 00351nam a22001457a 4500
003 - CONTROL NUMBER IDENTIFIER
control field SGT
020 ## - INTERNATIONAL STANDARD BOOK NUMBER
International Standard Book Number 9780141979090
082 ## - DEWEY DECIMAL CLASSIFICATION NUMBER
Classification number 150,PIN
100 ## - MAIN ENTRY--PERSONAL NAME
Personal name PINKER, STEVEN
245 ## - TITLE STATEMENT
Title ENLIGHTENMENT NOW
Remainder of title THE CASE FOR REASON SCIENCE HUMANISM AND PROGRESS
260 ## - PUBLICATION, DISTRIBUTION, ETC. (IMPRINT)
Place of publication, distribution, etc UK
Name of publisher, distributor, etc PENGUIN BOOKS
Year of Publication 2018
300 ## - PAGE DESCRIPTION
No. of Pages 556
650 ## - SUBJECT ADDED ENTRY--TOPICAL TERM
Topical term or geographic name as entry element PSCHOLOGY
942 ## - ADDED ENTRY ELEMENTS (KOHA)
Source of classification or shelving scheme Dewey Decimal Classification
Koha item type Books
Holdings
Withdrawn status Lost status Source of classification or shelving scheme Damaged status Use restrictions Not for loan Collection code Home library Current library Shelving location Date acquired Vendor Name Cost, normal purchase price SGTU Bill Number Total Checkouts Full call number Accession No. (Barcode) Date last seen Bill Date Koha item type
    Dewey Decimal Classification   Restricted Access Not For Loan ENGINEERING SGT Engineering Library SGT Engineering Library Reference Book 19/06/2024 SAVERA BOOK DISTRIBUTORS 899.00 SGTU 24-25 /CRB/164   150,PIN FE9054 19/06/2024   Books